00670nam a2200205Ia 4500003000900000008004100009020001700050040001600067080002100083100001700104245014800121260004700269300001500316650001400331650004100345650001700386650002900403700001400432700001800446IN-BaIIA211028s9999 xx 000 0 eng d a0-8243-927-8 cIIA Library a047.1:52bARA-27 aBurbidge, G. 0aAnnual review of astronomy and astrophysicsbvol. 27cG. Burbidge, D. Layzer and J. G. Phillips  aAnnual ReviewsbEducational Suppliesc1989 aviii, 773p aAstronomy aAstronomy and Astrophysics Thesaurus aAstrophysics aTheoretical Astrophysics aLayzer, D aPhillips, J G